Informe mundial: Dirección de riesgo y desastres; un desafío para el desarrollo / Andrew Maskrey (Coord.) (Registro nro. 10174)

Detalles MARC
000 -LEADER
fixed length control field 00586nam a22001931a 4500
001 - CONTROL NUMBER
control field 10174
003 - CONTROL NUMBER IDENTIFIER
control field OSt
005 - DATE AND TIME OF LATEST TRANSACTION
control field 20260204212149.0
008 - FIXED-LENGTH DATA ELEMENTS--GENERAL INFORMATION
fixed length control field 080502s2004||||-us||||||b||||||||||spa||
020 ## - NUMERO DE LIBRO INTERNACIONAL NORMALIZADO
International Standard Book Number 9211261600
050 ## - LIBRARY OF CONGRESS CALL NUMBER
Classification number 303.485 P943i
110 ## - ASIENTO PRINCIPAL -- NOMBRE CORPORATIVO
Corporate name or jurisdiction name as entry element Programa de las Naciones Unidas
245 ## - TÍTULO PROPIAMENTE DICHO: SUBTÍTULO
Title Informe mundial: Dirección de riesgo y desastres; un desafío para el desarrollo / Andrew Maskrey (Coord.)
264 ## - PRODUCTION, PUBLICATION, DISTRIBUTION, MANUFACTURE, AND COPYRIGHT NOTICE
Place of production, publication, distribution, manufacture Estados Unidos de América : PNUD
300 ## - PHYSICAL DESCRIPTION
Extensión 146 p
500 ## - GENERAL NOTE
General note Incluye bibliografía
650 ## - ASIENTO SECUNDARIO DE MATERIA -- TERMINO TEMÁTICO
Termino Temático Como Elemento de Entrada Desastres Naturales - PrevenciónÌ
942 ## - ADDED ENTRY ELEMENTS (KOHA)
Source of classification or shelving scheme Dewey Decimal Classification
Koha item type Libros
Existencias
Withdrawn status Lost status Source of classification or shelving scheme Damaged status Not for loan Current library Date acquired Total Checkouts Full call number Barcode Date last seen Price effective from Koha item type
    Dewey Decimal Classification     Biblioteca UTECO 09/09/2019   303.485 P943I 013967 09/09/2019 09/09/2019 Libros
© 2021 Derechos Reservados UTECO - Teléfono: +1 809-585-2291 - Correo electrónico: biblioteca@uteco.edu.do​  
Código postal 43000 ​​
Dirección: Avenida Universitaria No. 100, 
Cotuí, Provincia Sánchez Ramírez, República Dominicana - RNC: 404-00059-6